10 Deadliest Battles of WW2 - Statistics

General Stats
  • This quiz has been taken 120 times
  • The average score is 6 of 10
Answer Stats
Casualties Battles % Correct
Around 2,000,000 Stalingrad
95%
Around 1,000,000 Berlin
88%
Around 1,500,000 Leningrad
82%
Around 1,500,000 Moscow
76%
Between 82,000-110,000 Okinawa
59%
Around 1,200,000 Kursk
57%
Around 100,000 Bulge
55%
Total 27,821 Iwo Jima
55%
Around 10,300 D-Day
49%
Between 185,000-250,000 Monte Cassino
14%
No matching quizzes found
Score Distribution
Percent of People with Each Score
Percentile by Number Answered
Your Score History
You have not taken this quiz